000 00521nam a2200181 i 4500
001 39015
003 ES-MaACL
005 20230906155855.0
007 t|
008 030227s1971 sp ||||1| spa d
100 1 _aBussagli, Mario.
_932852
245 1 0 _aQué ha dicho verdaderamente Buda /
_cM. Bussagli ; [traducción por Carmen Santos].
250 _a[1ª ed.].
260 _aMadrid :
_bDoncel,
_c[1971]
300 _a168 p. ;
_c18 cm.
700 1 _aSantos, Carmen.
_9103465
852 _aES-MaACL
_jC-41623
_bR.79940
999 _c39015
_d39015